00408nam a2200121Ia 4500008004100000100001700041245007400058245006200132260000900194300000800203650001300211856006200224170221s9999 xx 000 0 und d aKee H. Chung aInformation Asymmetry and Corporate Cash Holdings (pages 1341–1377) cKee H. Chung, Jang-Chul Kim, Young Sang Kim and Hao Zhang c2012 a6 : xBusiness uhttp://onlinelibrary.wiley.com/doi/10.1111/jbfa.12173/pdf